书目信息 |
| 题名: |
李晗讲商经法之精粹
|
|
| 作者: | 李晗 编著 | |
| 分册: | ||
| 出版信息: | 北京 五洲传播出版社 2022.06 |
|
| 页数: | 194页 | |
| 开本: | 26cm | |
| 丛书名: | 2022年国家统一法律职业资格考试 | |
| 单 册: | ||
| 中图分类: | D923.990.4 , D922.290.4 | |
| 科图分类: | ||
| 主题词: | 商法--shang fa--中国--资格考试--自学参考资料 , 经济法--jing ji fa--中国--资格考试--自学参考资料 | |
| 电子资源: | ||
| ISBN: | 978-7-5085-4836-4 | |
| 000 | 01378nam 2200277 450 | |
| 001 | CAL 012022044356 | |
| 005 | 20230217093113.0 | |
| 010 | @a978-7-5085-4836-4@dCNY35.00 | |
| 100 | @a20221101d2022 em y0chiy0120 ea | |
| 101 | 0 | @achi |
| 102 | @aCN@b110000 | |
| 105 | @ak z 000yy | |
| 106 | @ar | |
| 200 | 1 | @a李晗讲商经法之精粹@Ali han jiang shang jing fa zhi jing cui@f李晗编著 |
| 210 | @a北京@c五洲传播出版社@d2022.06 | |
| 215 | @a194页@d26cm | |
| 225 | 2 | @a2022年国家统一法律职业资格考试@A2022 nian guo jia tong yi fa lv zhi ye zi ge kao shi@v6 |
| 330 | @a本书是为了适应“国家统一法律职业资格考试客观题考试”的学习需要, 由从事国家统一法律职业资格考试辅导教育的资深商法、经济法辅导老师李晗编著的讲解我国现行商法、经济法法律知识的考试辅导图书。书稿分别就我国现行的经济法、商法法律规范, 结合我国法律职业资格考试的特点和现阶段学习者的学习进度, 大量采用表格的形式, 精准地把国家统一法律职业资格考试的重点、难点和热点提炼出来, 以帮助学习者精准把握考点, 把掌握的知识转化为得分能力。书稿重点突出, 表达简洁, 易于理解和记忆。 | |
| 410 | 0 | @12001 @a2022年国家统一法律职业资格考试@v6 |
| 606 | 0 | @a商法@Ashang fa@y中国@x资格考试@j自学参考资料 |
| 606 | 0 | @a经济法@Ajing ji fa@y中国@x资格考试@j自学参考资料 |
| 690 | @aD923.990.4@v5 | |
| 690 | @aD922.290.4@v5 | |
| 701 | 0 | @a李晗@Ali han@4编著 |
| 801 | 0 | @aCN@bBJXHZP@c20230228 |
| 905 | @b1386527-30@dD923.990.4@e2294@f4 | |
| 李晗讲商经法之精粹/李晗编著.-北京:五洲传播出版社,2022.06 |
| 194页;26cm.-(2022年国家统一法律职业资格考试;6) |
| ISBN 978-7-5085-4836-4:CNY35.00 |
| 本书是为了适应“国家统一法律职业资格考试客观题考试”的学习需要, 由从事国家统一法律职业资格考试辅导教育的资深商法、经济法辅导老师李晗编著的讲解我国现行商法、经济法法律知识的考试辅导图书。书稿分别就我国现行的经济法、商法法律规范, 结合我国法律职业资格考试的特点和现阶段学习者的学习进度, 大量采用表格的形式, 精准地把国家统一法律职业资格考试的重点、难点和热点提炼出来, 以帮助学习者精准把握考点, 把掌握的知识转化为得分能力。书稿重点突出, 表达简洁, 易于理解和记忆。 |
| ● |
| 相关链接 |
|
|
|
|
正题名:李晗讲商经法之精粹
索取号:D923.990.4/2294
 
预约/预借
| 序号 | 登录号 | 条形码 | 馆藏地/架位号 | 状态 | 备注 |
| 1 | 1386527 | 213865272 | 第一样本阅览室/ [索取号:D923.990.4/2294] | 在馆 | |
| 2 | 1386528 | 213865281 | 第一借阅区/ [索取号:D923.990.4/2294] | 在馆 | |
| 3 | 1386529 | 213865290 | 第一借阅区/ [索取号:D923.990.4/2294] | 在馆 | |
| 4 | 1386530 | 213865307 | 第一借阅区/ [索取号:D923.990.4/2294] | 在馆 |